000 00881nam a2200217 a 4500
003 0
005 20250623095700.0
008 021022s19uu xx 00 eng d
050 _aPGS LC 1099.5.P6
_b.M543 1998
100 _aMeneses, Kristiaan M.
245 _aHow foreign students adapt to the culture of SIS /
_cKristiann M. Meneses.
260 _aLas PiƱas City, Philippines :
_bSouthville International School and Colleges,
_c1998.
300 _a27 pages :
_billustrations ;
_c28 cm.
504 _aIncludes bibliographical references.
650 _aForeign students
_zPhilippines
_vCultural assimilation.
650 _aCultural adjustment
_zPhilippines.
650 _aMulticultural education
_zPhilippines.
650 _aInternational students
_zPhilippines
_vSocial conditions.
650 _aSchool environment
_zPhilippines
_vSocial aspects.
942 _2lcc
_cPASS
999 _c96108
_d96108